<The> regional trade in the Arab world

Salvato in:
Dettagli Bibliografici
Autore principale: Satková, Monika
Natura: Capitolo di libro
Lingua:inglese
Tags: Aggiungi Tag
Nessun Tag, puoi essere il primo ad aggiungerne!!

MARC

LEADER 00000naa$a2200000$$$4500
001 0184212
005 20240502083434.9
041 0 |a eng 
044 |a HU 
245 1 0 |a <The> regional trade in the Arab world  |c Monika Satková 
100 1 |a Satková, Monika